Tax Planning for Troubled Corporations (2010) : (Record no. 622037)

MARC details
000 -LEADER
fixed length control field 00528nam a2200193 a 4500
008 - FIXED-LENGTH DATA ELEMENTS--GENERAL INFORMATION
fixed length control field 260502s2009##################000#0#eng##
020 ## - INTERNATIONAL STANDARD BOOK NUMBER
ISBN 9780808022022
082 04 - DEWEY DECIMAL CLASSIFICATION NUMBER
Classification number 343.04
Item number HEN
100 1# - MAIN ENTRY--AUTHOR NAME
Personal name Henderson, Gordon,
245 10 - TITLE STATEMENT
Title Tax Planning for Troubled Corporations (2010) :
260 ## - PUBLICATION, DISTRIBUTION, ETC. (IMPRINT)
Name of publisher CCH Incorporated,
Year of publication 2009.
300 ## - PHYSICAL DESCRIPTION
Number of Pages 1090 pages
650 #0 - SUBJECT ADDED ENTRY--TOPICAL TERM
Topical Term Business failures.
942 ## - ADDED ENTRY ELEMENTS (KOHA)
Koha item type English Books
Holdings
Withdrawn status Lost status Damaged status Not for loan Home library Current library Date acquired Full call number Accession Number Price effective from Koha item type
        Anna Centenary Library Anna Centenary Library 02.05.2026 343.04 HEN 138148 02.05.2026 English Books

Find us on the map